Central Library OPAC University of Rajshahi

Ego-Identity Status as Related to manifest Anxiety : (Record no. 78425)

MARC details
000 -LEADER
fixed length control field 01065nam a2200277 a 4500
001 - CONTROL NUMBER
control field 78425
003 - CONTROL NUMBER IDENTIFIER
rucl marc code BD-RjUL
005 - DATE AND TIME OF LATEST TRANSACTION
control field 20211209083128.0
008 - FIXED-LENGTH DATA ELEMENTS--GENERAL INFORMATION
fixed length control field 210920s2006 bg a|||| m||| 00| 0 eng d
035 ## - SYSTEM CONTROL NUMBER
System control number (BD-RjUL)78651
040 ## - CATALOGING SOURCE
Original cataloging agency BD-RjUL
Language of cataloging eng
Transcribing agency BD-RjUL
Modifying agency BD-RjUL
041 ## - LANGUAGE CODE
Language code of text/sound track or separate title eng
082 ## - DEWEY DECIMAL CLASSIFICATION NUMBER
Classification number 155.2
Author mark and year SUE 2006
Edition number 23
099 ## - LOCAL FREE-TEXT CALL NUMBER (OCLC)
Bangla Class number 154.2 /155.2
100 ## - MAIN ENTRY--PERSONAL NAME
Personal name Sultana, Mst. Jahanara
9 (RLIN) 248210
245 10 - TITLE STATEMENT
Title Ego-Identity Status as Related to manifest Anxiety :
Remainder of title A Study on Undergraduate Female Students of Rajshahi University /
Statement of responsibility, etc. submitted by Mst. Jahanara Sultana ;
Linkage Supervisor : Md. Abdul Latif
260 ## - PUBLICATION, DISTRIBUTION, ETC. (IMPRINT)
Place of publication, distribution, etc. Rajshahi :
Name of publisher, distributor, etc. Department, of Psychology, University of Rajshahi,
Date of publication, distribution, etc. 2006
300 ## - PHYSICAL DESCRIPTION
Pagination xiii, 155 Leaves :
Illustrations ill. ;
Size 30 cm.
502 ## - DISSERTATION NOTE
Dissertation note Thesis (M. Phil.) -- Department, of Psychology, University of Rajshahi, 2006
504 ## - BIBLIOGRAPHY, ETC. NOTE
Bibliography, etc References : Leaves 100 - 127
650 ## - SUBJECT ADDED ENTRY--TOPICAL TERM
Topical term or geographic name as entry element Identity (Psychology)
9 (RLIN) 248327
Topical term or geographic name as entry element Psychiatry
9 (RLIN) 248328
Topical term or geographic name as entry element Ego (Psychology)
9 (RLIN) 248329
700 ## - ADDED ENTRY--PERSONAL NAME
Personal name Latif, Md. Abdul Supervisor
942 ## - ADDED ENTRY ELEMENTS (KOHA)
Source of classification or shelving scheme Dewey Decimal Classification
Koha item type Theses
Holdings
Lost status Source of classification or shelving scheme Damaged status Not for loan Collection code Permanent Location Current Location Shelving location Date acquired Source of acquisition Total Checkouts Full call number Date last seen Copy number Koha item type
  Dewey Decimal Classification   Not For Loan Theses Central Library, University of Rajshahi Central Library, University of Rajshahi Documentation Section 26/04/2008 Controller of Exam., R.U.   THE 155.2 SUE 2006 20/09/2021 C-1 Theses